Enterprise information systems / (Record no. 296156)
[ view plain ]
| 000 -LEADER | |
|---|---|
| fixed length control field | 00556nam a2200217Ia 4500 |
| 008 - FIXED-LENGTH DATA ELEMENTS--GENERAL INFORMATION | |
| fixed length control field | 160621s9999 xx 000 0 und d |
| 020 ## - INTERNATIONAL STANDARD BOOK NUMBER | |
| International Standard Book Number | 978-0-07-110710-5 |
| 050 ## - LIBRARY OF CONGRESS CALL NUMBER | |
| Classification number | ComSc T 58.6 |
| 050 ## - LIBRARY OF CONGRESS CALL NUMBER | |
| Item number | .O27 2007 |
| 100 ## - MAIN ENTRY--PERSONAL NAME | |
| Personal name | O'Brien, James A. |
| 245 ## - TITLE STATEMENT | |
| Title | Enterprise information systems / |
| 245 ## - TITLE STATEMENT | |
| Statement of responsibility, etc | James A. O'Brien, George M. Marakas. |
| 250 ## - EDITION STATEMENT | |
| Edition statement | 13th Edition |
| 260 ## - PUBLICATION, DISTRIBUTION, ETC. (IMPRINT) | |
| Place of publication, distribution, etc | New York : |
| 260 ## - PUBLICATION, DISTRIBUTION, ETC. (IMPRINT) | |
| Name of publisher, distributor, etc | McGraw-Hill, |
| 260 ## - PUBLICATION, DISTRIBUTION, ETC. (IMPRINT) | |
| Date of publication, distribution, etc | 2007 |
| 300 ## - PHYSICAL DESCRIPTION | |
| Extent | 543 pages : |
| 300 ## - PHYSICAL DESCRIPTION | |
| Other physical details | illustrations ; |
| 300 ## - PHYSICAL DESCRIPTION | |
| Dimensions | 27 cm. |
| 500 ## - GENERAL NOTE | |
| General note | Includes index. |
| Withdrawn status | Lost status | Damaged status | Home library | Current library | Shelving location | Date acquired | Cost, normal purchase price | Total Checkouts | Full call number | Barcode | Date last seen | Price effective from | Koha item type |
|---|---|---|---|---|---|---|---|---|---|---|---|---|---|
| South Mansfield College | South Mansfield College | 02/04/2008 | 2.00 | ComSc T 58.6 .O27 2007 | SMC05064 | 06/21/2016 | 06/21/2016 |